Geography Quiz

Random Geography or City Quiz
Score 0/26 Timer 04:00
14 Plays Today
% Correct
France
87.7%
Venezuela
84%
Switzerland
83.4%
Monaco 2km²
80.9%
Austria
79.3%
San Marino
79.1%
Germany
73.5%
Mexico (Mexico City)
73.5%
Vanuatu
72.8%
Slovenia
63.9%
Vietnam
61.8%
Paraguay
59.7%
Uruguay
59.7%
% Correct
Panama (Panama City)
58.3%
Italy
57.1%
Hungary
55%
Guatemala (Guatemala City)
50.5%
Norway
46.4%
Turkey
45%
Nauru 21km²
40.7%
Kuwait (Kuwait City)
38.5%
Malta
35.7%
Tuvalu 26km²
33.3%
Portugal
15%
Algeria
6.8%
Pakistan
6.4%
Come Together.
Have Fun.
All Virtual.
We all need to come together. Play Sporcle's virtual live trivia to have fun, connect with people, and get your trivia on. Join a live hosted trivia game for your favorite pub trivia experience done virtually. If a virtual private party is more your thing, go here for details.

You're not logged in!

Compare scores with friends on all Sporcle quizzes.
OR
Log In

Sporcle TV

Today on Sporcle TV


Watch our educational content, quiz creation guides, and fun videos on Sporcle TV.

Show Comments

Extras

Top Quizzes Today


Score Distribution

Paid Content

Your Account Isn't Verified!

In order to create a playlist on Sporcle, you need to verify the email address you used during registration. Go to your Sporcle Settings to finish the process.

Report this User

Report this user for behavior that violates our Community Guidelines.

Details: